| 000 | 00928nam a2200229 a 4500 | ||
|---|---|---|---|
| 001 | 40049 | ||
| 003 | BD-RjUL | ||
| 005 | 20211209053126.0 | ||
| 008 | 160421s1995 bg ||||| |||| 00| 0 ben d | ||
| 020 |
_a9844012880 _c: TK 120.00 |
||
| 035 | _a(BD-RjUL)40164 | ||
| 040 |
_aBD-RjUL _bben _cBD-RjUL |
||
| 041 | _aben | ||
| 082 |
_223 _a954.9205092 _bISB 1995 |
||
| 100 |
_aইসলাম, মযহারুল _9123335 |
||
| 245 | 1 | 0 |
_aবঙ্গবন্ধু মুক্তিযুদ্ধ ও অন্যান্য / _cমযহারুল ইসলাম |
| 260 |
_aঢাকা : _bআগামী প্রকাশনী, _c১৯৯৫ |
||
| 300 |
_a১৮৯ পৃ. ; _c১৮ সেমি |
||
| 600 |
_aরহমান, শেখ মুজিবুর, _y১৯২০-১৯৭৫ _xজীবনী _9247312 |
||
| 600 |
_cRahman, Sheikh Mujibur, _y1920-1975 _xBiography _9247313 |
||
| 942 |
_2ddc _cBK |
||
| 999 |
_c40049 _d40049 |
||